[Event "CRO-chT2 West"]
[Site "Rijeka"]
[Date "2020.09.12"]
[Round "1.4"]
[White "Ban, Ivoslav"]
[Black "Fiala, Nenad"]
[Result "1-0"]
[WhiteElo "1992"]
[BlackElo "1842"]
[PlyCount "53"]
[EventDate "2020.09.12"]
[EventType "team-tourn"]
[EventRounds "9"]
[EventCountry "CRO"]
[SourceTitle "EXT 2022"]
[Source "ChessBase"]
[SourceDate "2021.10.06"]
[SourceVersion "1"]
[SourceVersionDate "2021.10.06"]
[SourceQuality "1"]
[WhiteTeam "Drazice Rjecina"]
[BlackTeam "Rovinj Batana"]
[WhiteTeamCountry "CRO"]
[BlackTeamCountry "CRO"]

1. e4 c6 2. c4 d5 3. exd5 cxd5 4. d4 Nc6 5. Nf3 Bg4 6. Be3 Nf6 7. Be2 e6 8. 0-0 dxc4 9. Nc3 a6 10. Bxc4 Rc8 11. Be2 Bd6 12. h3 Bh5 13. Bg5 h6 14. Bh4 g5 15. Bg3 Bxg3 16. fxg3 Bxf3 17. Bxf3 Nxd4 18. Bxb7 Rb8 19. Qa4+ Qd7 20. Bxa6 Qxa4 21. Nxa4 Ne4 22. Rad1 e5 23. Rfe1 Ra8 24. Rxe4 Rxa6 25. Rdxd4 0-0 26. Rxe5 Rfa8 27. b3 1-0

[Event "CRO-chT2 West"]
[Site "Croatia"]
[Date "2017.03.26"]
[Round "3.4"]
[White "Fiala, Nenad"]
[Black "Brzac, Marijan"]
[Result "0-1"]
[WhiteElo "1860"]
[BlackElo "1829"]
[PlyCount "48"]
[EventDate "2017.03.25"]
[EventType "team-tourn"]
[EventRounds "9"]
[EventCountry "CRO"]
[SourceTitle "EXT 2020"]
[Source "ChessBase"]
[SourceDate "2019.10.17"]
[SourceVersion "1"]
[SourceVersionDate "2019.10.17"]
[SourceQuality "1"]

1. c4 e6 2. d4 d5 3. Nc3 Nf6 4. Bg5 Be7 5. Nf3 b6 6. e3 Bb7 7. Rc1 0-0 8. Bd3 Ne4 9. Bxe7 Qxe7 10. Qc2 f5 11. cxd5 exd5 12. Ne5 c5 13. 0-0 Nd7 14. Nxd7 Qxd7 15. f3 Nxc3 16. Qxc3 c4 17. Bb1 Rae8 18. e4 fxe4 19. fxe4 Rxf1+ 20. Rxf1 dxe4 21. Qxc4+ Bd5 22. Qb4 e3 23. Bd3 Qg4 24. g3 Qh3 0-1

[Event "CRO-chT2 West"]
[Site "Croatia"]
[Date "2017.03.26"]
[Round "2.3"]
[White "Fiala, Nenad"]
[Black "Kovacevic, Matija"]
[Result "0-1"]
[WhiteElo "1860"]
[BlackElo "2000"]
[PlyCount "98"]
[EventDate "2017.03.25"]
[EventType "team-tourn"]
[EventRounds "9"]
[EventCountry "CRO"]
[SourceTitle "EXT 2020"]
[Source "ChessBase"]
[SourceDate "2019.10.17"]
[SourceVersion "1"]
[SourceVersionDate "2019.10.17"]
[SourceQuality "1"]

1. c4 Nf6 2. d4 c6 3. Nc3 d5 4. Bg5 dxc4 5. Bxf6 exf6 6. e4 b5 7. a4 Bb4 8. axb5 cxb5 9. Nf3 Bb7 10. d5 Qb6 11. Qd4 Bc5 12. Qd2 a6 13. g3 Nd7 14. Bh3 Rd8 15. 0-0 0-0 16. Kg2 Rfe8 17. Rad1 Ne5 18. Nxe5 Rxe5 19. f4 Ree8 20. Bg4 h5 21. Bxh5 f5 22. e5 b4 23. Na4 Rxd5 24. Nxb6 Rxd2+ 25. Kh3 Rxd1 26. Rxd1 Bxb6 27. Rd7 Rb8 28. Bxf7+ Kh7 29. Bxc4 a5 30. g4 fxg4+ 31. Kh4 Bd8+ 32. Kh5 Be4 33. Kxg4 a4 34. f5 Kh6 35. Rd6+ Kh7 36. Kf4 Bc2 37. f6 gxf6 38. Rd7+ Kg6 39. Bf7+ Kh6 40. e6 a3 41. bxa3 b3 42. Bg8 b2 43. e7 b1Q 44. e8Q Qf1+ 45. Kg4 Qg2+ 46. Kf4 Qxh2+ 47. Kf3 Qh3+ 48. Ke2 Qg2+ 49. Ke3 Bb6+ 0-1

[Event "CRO-chT2W"]
[Site "Croatia"]
[Date "2016.04.10"]
[Round "5.6"]
[White "Jokic, Miljenko"]
[Black "Fiala, Nenad"]
[Result "0-1"]
[WhiteElo "1862"]
[BlackElo "1831"]
[PlyCount "190"]
[EventDate "2016.03.05"]
[EventType "team-tourn"]
[EventRounds "9"]
[EventCountry "CRO"]
[SourceTitle "CBM 171 Extra"]
[Source "ChessBase"]
[SourceDate "2016.04.26"]
[SourceVersion "1"]
[SourceVersionDate "2016.04.26"]
[SourceQuality "1"]
[WhiteTeam "Karlobag"]
[BlackTeam "Rovinj Batana"]
[WhiteTeamCountry "CRO"]
[BlackTeamCountry "CRO"]

1. e4 d6 2. d4 Nf6 3. Nc3 g6 4. Bc4 Bg7 5. Nge2 0-0 6. Bg5 Nxe4 7. Nxe4 d5 8. Bd3 dxe4 9. Bxe4 c6 10. 0-0 f5 11. Bf3 Nd7 12. Qd2 Nf6 13. Nc3 Qd6 14. Rad1 Rd8 15. a3 Be6 16. Rfe1 Bc4 17. Bf4 Qd7 18. b3 Bd5 19. Nxd5 cxd5 20. Qe3 Ne4 21. Bxe4 dxe4 22. d5 Bf6 23. f3 e5 24. Bh6 exf3 25. Qxf3 e4 26. Qg3 Qe7 27. Qh3 Qc5+ 28. Qe3 Qxc2 29. b4 Qc4 30. Qc5 Qc3 31. d6 Qxc5+ 32. bxc5 Rac8 33. Be3 Rc6 34. Rb1 Rd7 35. Red1 Kf7 36. a4 Ke6 37. Rb3 Be5 38. g3 b6 39. cxb6 axb6 40. Bxb6 Bxd6 41. Ra1 Rb7 42. Rab1 Bc5+ 43. Bxc5 Rxb3 44. Rxb3 Rxc5 45. Rb7 h6 46. Rb6+ Kf7 47. h4 Ra5 48. h5 gxh5 49. Rxh6 Rxa4 50. Rxh5 Kg6 51. Rh8 Kf6 52. Re8 Ra2 53. Kf1 Kg5 54. Rg8+ Kf6 55. Re8 Ra7 56. Kf2 Rg7 57. Ra8 Kg5 58. Rf8 Kg4 59. Rf6 Rg5 60. Rf8 Rg7 61. Rf6 Kg5 62. Rf8 Kg6 63. Re8 Rb7 64. Rg8+ Kf7 65. Rg5 Kf6 66. Rh5 Rb2+ 67. Kf1 Rb3 68. Kg2 Rf3 69. Rh1 Ke5 70. Ra1 Rd3 71. Ra5+ Rd5 72. Ra4 f4 73. gxf4+ Kxf4 74. Ra2 Rg5+ 75. Kf1 Kf3 76. Rf2+ Ke3 77. Rf8 Rd5 78. Ke1 Rb5 79. Kf1 Rb1+ 80. Kg2 Ke2 81. Rf2+ Kd3 82. Ra2 Rc1 83. Ra3+ Rc3 84. Ra8 Kd2 85. Ra2+ Rc2 86. Ra8 Ke2 87. Re8 e3 88. Kg1 Rc4 89. Rg8 Ke1 90. Kg2 Rf4 91. Rd8 Rf2+ 92. Kg3 e2 93. Rh8 Rf7 94. Rh1+ Kd2 95. Rh2 Kd1 0-1

[Event "CRO-chT2W"]
[Site "Croatia"]
[Date "2016.03.05"]
[Round "1.6"]
[White "Ikica, Ante"]
[Black "Fiala, Nenad"]
[Result "1-0"]
[WhiteElo "1946"]
[BlackElo "1831"]
[PlyCount "111"]
[EventDate "2016.03.05"]
[EventType "team-tourn"]
[EventRounds "9"]
[EventCountry "CRO"]
[SourceTitle "CBM 171 Extra"]
[Source "ChessBase"]
[SourceDate "2016.04.26"]
[SourceVersion "1"]
[SourceVersionDate "2016.04.26"]
[SourceQuality "1"]
[WhiteTeam "Porec Gortan"]
[BlackTeam "Rovinj Batana"]
[WhiteTeamCountry "CRO"]
[BlackTeamCountry "CRO"]

1. e4 c5 2. Nf3 Nc6 3. c3 d5 4. exd5 Qxd5 5. d4 Bg4 6. Be2 cxd4 7. cxd4 e6 8. Nc3 Bb4 9. 0-0 Bxc3 10. bxc3 Nf6 11. h3 Bf5 12. c4 Qd7 13. Ne5 Qxd4 14. Nxc6 Qxd1 15. Rxd1 bxc6 16. Ba3 Rd8 17. f3 Bc2 18. Rd6 Rxd6 19. Bxd6 Kd7 20. c5 Nd5 21. Kf2 Re8 22. f4 h6 23. Rc1 Be4 24. Rc4 f5 25. Ra4 Ra8 26. Ra3 Nc7 27. Rg3 Rg8 28. Rg6 Bd5 29. a4 Ne8 30. Be5 Ke7 31. Bh5 Bb3 32. Rg3 Bd5 33. Rg6 Bb3 34. a5 Bc4 35. Bf3 Bb5 36. g4 fxg4 37. hxg4 Kf7 38. Be4 Nf6 39. Bc2 Rd8 40. Bd6 Ba4 41. Bb1 Ne8 42. f5 Nxd6 43. fxe6+ Ke7 44. Rxg7+ Kxe6 45. cxd6 Rxd6 46. Rxa7 c5 47. Ke3 Kd5 48. Rf7 Re6+ 49. Kf4 c4 50. Bf5 Ra6 51. Bc8 Rd6 52. a6 Bc6 53. a7 Rd8 54. Bf5 c3 55. Be4+ Kc5 56. Rc7 1-0

[Event "CRO-chT2 West"]
[Site "Croatia"]
[Date "2015.03.21"]
[Round "4.6"]
[White "Alavanja, Denis"]
[Black "Fiala, Nenad"]
[Result "1-0"]
[WhiteElo "1735"]
[BlackElo "1850"]
[PlyCount "109"]
[EventDate "2015.02.21"]
[EventType "team-tourn"]
[EventRounds "9"]
[EventCountry "CRO"]
[SourceTitle "EXT 2016"]
[Source "ChessBase"]
[SourceDate "2015.10.08"]
[SourceVersion "1"]
[SourceVersionDate "2015.10.08"]
[SourceQuality "1"]
[WhiteTeam "Mali Losinj"]
[BlackTeam "Rovinj Batana"]
[WhiteTeamCountry "CRO"]
[BlackTeamCountry "CRO"]

1. e4 c5 2. Nf3 Nc6 3. d4 cxd4 4. Nxd4 Nxd4 5. Qxd4 d6 6. Nc3 Nf6 7. Bg5 a6 8. a4 Qa5 9. Bh4 Bd7 10. Bd3 Rc8 11. b4 Qh5 12. Bxf6 gxf6 13. Nd5 Rg8 14. g3 f5 15. Qe3 fxe4 16. Qxe4 Bc6 17. Nf6+ Kd8 18. Nxh5 Bxe4 19. Bxe4 Rg5 20. Bxb7 Rxc2 21. Nf4 Bg7 22. Rb1 Bc3+ 23. Kf1 a5 24. Be4 Ra2 25. b5 Rxa4 26. Bxh7 Rb4 27. h4 Rgxb5 28. Rxb4 Bxb4 29. Ke2 Bc3 30. h5 a4 31. Rb1 Ra5 32. Bg8 a3 33. Bxf7 a2 34. Bxa2 Rxa2+ 35. Kf3 Be5 36. h6 Ra8 37. Ng6 Bf6 38. h7 Kd7 39. Rh1 Bh8 40. Kf4 Ra4+ 41. Kg5 Bf6+ 42. Kh6 Ra8 43. g4 Ke6 44. g5 Bc3 45. Nf4+ Kf5 46. Nd5 Be5 47. g6 e6 48. Rh5+ Kg4 49. Ne3+ Kf3 50. Rxe5 dxe5 51. g7 Kxf2 52. Ng4+ Kg3 53. Nxe5 Kf4 54. Ng6+ Kf5 55. g8Q 1-0

[Event "CRO-chT2 West"]
[Site "Croatia"]
[Date "2014.11.16"]
[Round "9.56"]
[White "Fiala, Nenad"]
[Black "Nastic, Milorad"]
[Result "0-1"]
[WhiteElo "1875"]
[BlackElo "1912"]
[PlyCount "70"]
[EventDate "2014.03.15"]
[EventType "team-tourn"]
[EventRounds "9"]
[EventCountry "CRO"]
[SourceTitle "EXT 2019"]
[Source "ChessBase"]
[SourceDate "2018.10.10"]
[SourceVersion "1"]
[SourceVersionDate "2018.10.10"]
[SourceQuality "1"]
[WhiteTeam "Rovinj Batana"]
[BlackTeam "Rijeka Kvarner"]
[WhiteTeamCountry "CRO"]
[BlackTeamCountry "CRO"]

1. c4 Nf6 2. d4 d5 3. Nc3 c6 4. Bg5 e6 5. e4 dxe4 6. Nxe4 Be7 7. Nxf6+ Bxf6 8. Bxf6 Qxf6 9. Nf3 0-0 10. Qb3 Rd8 11. Rd1 b6 12. Be2 Nd7 13. 0-0 Bb7 14. c5 Qf4 15. Rd3 Ba6 16. Re3 Bxe2 17. Rxe2 b5 18. Rfe1 a5 19. Re4 Qf6 20. Ne5 Nxe5 21. dxe5 Qe7 22. Qc2 Rd5 23. Rc1 Rad8 24. Re2 Rxc5 25. Qb1 Rdd5 26. f4 Rxc1+ 27. Qxc1 Qd7 28. Qe3 Rd4 29. Rc2 Qd5 30. b3 c5 31. Qc3 Rxf4 32. Rd2 Rd4 33. Rxd4 Qxd4+ 34. Qxd4 cxd4 35. Kf2 f6 0-1